<?xml version="1.0" encoding="UTF-8"?>
<record
    xmlns:xsi="http://www.w3.org/2001/XMLSchema-instance"
    xsi:schemaLocation="http://www.loc.gov/MARC21/slim http://www.loc.gov/standards/marcxml/schema/MARC21slim.xsd"
    xmlns="http://www.loc.gov/MARC21/slim">

  <leader>01979nam0a2200385 i 4500</leader>
  <controlfield tag="001">RU\NLR\BIBL_A\010405587</controlfield>
  <controlfield tag="005">20260405072503.0</controlfield>
  <datafield tag="010" ind1=" " ind2=" ">
    <subfield code="a">9785933561491</subfield>
    <subfield code="9">500</subfield>
  </datafield>
  <datafield tag="021" ind1=" " ind2=" ">
    <subfield code="a">RU</subfield>
    <subfield code="b">2014-28121</subfield>
    <subfield code="9">1732</subfield>
  </datafield>
  <datafield tag="035" ind1=" " ind2=" ">
    <subfield code="a">(NILC)RuMoRGB-006805407</subfield>
  </datafield>
  <datafield tag="035" ind1=" " ind2=" ">
    <subfield code="a">(NLR Aleph) 010405587</subfield>
  </datafield>
  <datafield tag="090" ind1=" " ind2=" ">
    <subfield code="a">9727809</subfield>
    <subfield code="c">9727809</subfield>
  </datafield>
  <datafield tag="100" ind1=" " ind2=" ">
    <subfield code="a">20140617d2014    u  y0rusy50      ca</subfield>
  </datafield>
  <datafield tag="101" ind1="0" ind2=" ">
    <subfield code="a">rus</subfield>
  </datafield>
  <datafield tag="102" ind1=" " ind2=" ">
    <subfield code="a">RU</subfield>
  </datafield>
  <datafield tag="105" ind1=" " ind2=" ">
    <subfield code="a">a|||z|||000yy</subfield>
  </datafield>
  <datafield tag="200" ind1="1" ind2=" ">
    <subfield code="a">&#x421;&#x443;&#x43A;&#x446;&#x438;&#x43D;&#x430;&#x442;&#x441;&#x43E;&#x434;&#x435;&#x440;&#x436;&#x430;&#x449;&#x438;&#x435; &#x434;&#x438;&#x430;&#x43B;&#x438;&#x437;&#x438;&#x440;&#x443;&#x44E;&#x449;&#x438;&#x435; &#x440;&#x430;&#x441;&#x442;&#x432;&#x43E;&#x440;&#x44B; &#x432; &#x43F;&#x440;&#x430;&#x43A;&#x442;&#x438;&#x43A;&#x435; &#x433;&#x435;&#x43C;&#x43E;&#x434;&#x438;&#x430;&#x43B;&#x438;&#x437;&#x430;</subfield>
    <subfield code="f">&#x410;.&#x412;. &#x421;&#x43C;&#x438;&#x440;&#x43D;&#x43E;&#x432;, &#x41E;.&#x411;. &#x41D;&#x435;&#x441;&#x442;&#x435;&#x440;&#x43E;&#x432;&#x430;, &#x420;.&#x412;. &#x413;&#x43E;&#x43B;&#x443;&#x431;&#x435;&#x432;, &#x412;.&#x410;. &#x41B;&#x430;&#x437;&#x435;&#x431;&#x430;</subfield>
    <subfield code="g">&#x43F;&#x43E;&#x434; &#x440;&#x435;&#x434;. &#x43F;&#x440;&#x43E;&#x444;. &#x410;.&#x412;. &#x421;&#x43C;&#x438;&#x440;&#x43D;&#x43E;&#x432;&#x430;</subfield>
  </datafield>
  <datafield tag="210" ind1=" " ind2=" ">
    <subfield code="a">&#x421;&#x430;&#x43D;&#x43A;&#x442;-&#x41F;&#x435;&#x442;&#x435;&#x440;&#x431;&#x443;&#x440;&#x433;</subfield>
    <subfield code="c">&#x41B;&#x435;&#x432;&#x448;&#x430;. &#x421;&#x430;&#x43D;&#x43A;&#x442;-&#x41F;&#x435;&#x442;&#x435;&#x440;&#x431;&#x443;&#x440;&#x433;</subfield>
    <subfield code="d">2014</subfield>
  </datafield>
  <datafield tag="215" ind1=" " ind2=" ">
    <subfield code="a">119 &#x441;.</subfield>
    <subfield code="c">&#x438;&#x43B;., &#x442;&#x430;&#x431;&#x43B;., &#x446;&#x432;. &#x438;&#x43B;.</subfield>
    <subfield code="d">20</subfield>
  </datafield>
  <datafield tag="300" ind1=" " ind2=" ">
    <subfield code="a">&#x41D;&#x430; &#x43E;&#x431;&#x43E;&#x440;&#x43E;&#x442;&#x435; &#x442;&#x438;&#x442;. &#x43B;. &#x430;&#x432;&#x442;.: &#x421;&#x43C;&#x438;&#x440;&#x43D;&#x43E;&#x432; &#x410;.&#x412;.: &#x434;.&#x43C;.&#x43D;., &#x43F;&#x440;&#x43E;&#x444;., &#x41D;&#x435;&#x441;&#x442;&#x435;&#x440;&#x43E;&#x432;&#x430; &#x41E;.&#x411;.: &#x43A;.&#x43C;.&#x43D;., &#x432;&#x440;&#x430;&#x447;-&#x43D;&#x435;&#x444;&#x440;&#x43E;&#x43B;&#x43E;&#x433;, &#x413;&#x43E;&#x43B;&#x443;&#x431;&#x435;&#x432; &#x420;.&#x412;.: &#x43A;.&#x43C;.&#x43D;., &#x41B;&#x430;&#x437;&#x435;&#x431;&#x430; &#x412;.&#x410;.: &#x43A;.&#x442;.&#x43D;.</subfield>
  </datafield>
  <datafield tag="320" ind1=" " ind2=" ">
    <subfield code="a">&#x411;&#x438;&#x431;&#x43B;&#x438;&#x43E;&#x433;&#x440;.: &#x441;. 92-119 (305 &#x43D;&#x430;&#x437;&#x432;.)</subfield>
  </datafield>
  <datafield tag="606" ind1="1" ind2=" ">
    <subfield code="a">&#x42F;&#x43D;&#x442;&#x430;&#x440;&#x43D;&#x430;&#x44F; &#x43A;&#x438;&#x441;&#x43B;&#x43E;&#x442;&#x430;</subfield>
    <subfield code="x">&#x41F;&#x440;&#x438;&#x43C;&#x435;&#x43D;&#x435;&#x43D;&#x438;&#x435; &#x43F;&#x440;&#x438; &#x433;&#x435;&#x43C;&#x43E;&#x434;&#x438;&#x430;&#x43B;&#x438;&#x437;&#x435;</subfield>
    <subfield code="9">2219902</subfield>
    <subfield code="3">RU\NLR\AUTH\6601566273</subfield>
  </datafield>
  <datafield tag="610" ind1="0" ind2=" ">
    <subfield code="a">&#x433;&#x435;&#x43C;&#x43E;&#x434;&#x438;&#x430;&#x43B;&#x438;&#x437;</subfield>
  </datafield>
  <datafield tag="610" ind1="0" ind2=" ">
    <subfield code="a">&#x434;&#x438;&#x430;&#x43B;&#x438;&#x437;&#x438;&#x440;&#x443;&#x44E;&#x449;&#x438;&#x435; &#x440;&#x430;&#x441;&#x442;&#x432;&#x43E;&#x440;&#x44B;</subfield>
  </datafield>
  <datafield tag="686" ind1="1" ind2=" ">
    <subfield code="a">&#x420;358.01</subfield>
  </datafield>
  <datafield tag="701" ind1=" " ind2="1">
    <subfield code="8">rus</subfield>
    <subfield code="7">ca</subfield>
    <subfield code="a">&#x421;&#x43C;&#x438;&#x440;&#x43D;&#x43E;&#x432;</subfield>
    <subfield code="b">&#x410;. &#x412;.</subfield>
    <subfield code="c">&#x434;-&#x440; &#x43C;&#x435;&#x434;. &#x43D;&#x430;&#x443;&#x43A;, &#x432;&#x440;&#x430;&#x447;-&#x43D;&#x435;&#x444;&#x440;&#x43E;&#x43B;&#x43E;&#x433;</subfield>
    <subfield code="g">&#x410;&#x43B;&#x435;&#x43A;&#x441;&#x435;&#x439; &#x412;&#x43B;&#x430;&#x434;&#x438;&#x43C;&#x438;&#x440;&#x43E;&#x432;&#x438;&#x447;</subfield>
    <subfield code="3">RU\NLR\AUTH\7725053</subfield>
    <subfield code="9">8102</subfield>
  </datafield>
  <datafield tag="701" ind1=" " ind2="1">
    <subfield code="a">&#x41D;&#x435;&#x441;&#x442;&#x435;&#x440;&#x43E;&#x432;&#x430;</subfield>
    <subfield code="b">&#x41E;.&#x411;.</subfield>
    <subfield code="g">&#x41E;&#x43A;&#x441;&#x430;&#x43D;&#x430; &#x411;&#x43E;&#x440;&#x438;&#x441;&#x43E;&#x432;&#x43D;&#x430;</subfield>
  </datafield>
  <datafield tag="701" ind1=" " ind2="1">
    <subfield code="a">&#x413;&#x43E;&#x43B;&#x443;&#x431;&#x435;&#x432;</subfield>
    <subfield code="b">&#x420;.&#x412;.</subfield>
    <subfield code="g">&#x420;&#x43E;&#x43C;&#x430;&#x43D; &#x412;&#x43B;&#x430;&#x434;&#x438;&#x43C;&#x438;&#x440;&#x43E;&#x432;&#x438;&#x447;</subfield>
  </datafield>
  <datafield tag="701" ind1=" " ind2="1">
    <subfield code="a">&#x41B;&#x430;&#x437;&#x435;&#x431;&#x430;</subfield>
    <subfield code="b">&#x412;.&#x410;.</subfield>
    <subfield code="g">&#x412;&#x430;&#x43B;&#x435;&#x43D;&#x442;&#x438;&#x43D;&#x430; &#x410;&#x43B;&#x435;&#x43A;&#x441;&#x430;&#x43D;&#x434;&#x440;&#x43E;&#x432;&#x43D;&#x430;</subfield>
  </datafield>
  <datafield tag="801" ind1=" " ind2="0">
    <subfield code="a">RU</subfield>
    <subfield code="b">&#x420;&#x413;&#x411;</subfield>
    <subfield code="c">20140418</subfield>
    <subfield code="g">RCR</subfield>
  </datafield>
  <datafield tag="801" ind1=" " ind2="1">
    <subfield code="a">RU</subfield>
    <subfield code="b">&#x420;&#x413;&#x411;</subfield>
    <subfield code="c">20140418</subfield>
    <subfield code="2">rusmarc</subfield>
  </datafield>
  <datafield tag="942" ind1=" " ind2=" ">
    <subfield code="c">BOOK</subfield>
  </datafield>
  <datafield tag="980" ind1=" " ind2=" ">
    <subfield code="a">NBR</subfield>
  </datafield>
</record>
